| 000 | 00544nam a2200181Ia 4500 | ||
|---|---|---|---|
| 008 | 140925s9999 xx 000 0 und d | ||
| 020 | _a1741-5446 | ||
| 100 | _aHiggins, Chris. | ||
| 245 |
_aEducational theory / _cChris Higgins. _h[electronic resource] |
||
| 260 |
_bJohn Wiley & Sons, Inc., _cc2014. |
||
| 516 | _aElectronic text | ||
| 650 | _aEducation. | ||
| 650 | _aTheory. | ||
| 830 | _aJohn Wiley & Sons, Inc. | ||
| 856 | _uhttp://onlinelibrary.wiley.com/journal/10.1111/%28ISSN%291741-5446 | ||
| 942 | _cEJ | ||
| 999 |
_c275825 _d275825 |
||